Click to Translate - Turkish #3 (Greek loanwords) - Statistics

General Stats
  • This quiz has been taken 36 times
  • The average score is 18 of 25
Answer Stats
Hint Answer % Correct
octopus ahtapot
96%
mushroom mantar
96%
snail salyangoz
96%
key anahtar
92%
puppet kukla
92%
box,case kutu
92%
master, gentleman efendi
88%
church kilise
88%
lettuce marul
85%
border sınır
85%
rope halat
81%
consule konsolos
81%
port, harbor liman
77%
basement bodrum
73%
laborer ırgat
69%
rooftile kiremit
69%
gulf, bight körfez
69%
north wind poyraz
69%
base temel
58%
excommunication aforoz
54%
latch, clothespin mandal
54%
break, recess paydos
54%
phosphorescence, sea spark yakamoz
46%
cross istavroz
42%
mast, flagstick gönder
27%
No matching quizzes found
Score Distribution
Percent of People with Each Score
Percentile by Number Answered
Your Score History
You have not taken this quiz